header

Electrochemical activation of catalysis (Record no. 66186)

MARC details
000 -LEADER
fixed length control field 01154nam a2200277Ia 4500
245 00 - TITLE STATEMENT
Title Electrochemical activation of catalysis
260 ## - PUBLICATION, DISTRIBUTION, ETC. (IMPRINT)
Place of publication New York :
Name of publisher Kluwer Academic,
Year of publication c2002.
300 ## - PHYSICAL DESCRIPTION
Number of Pages xxxii, 574 p. :
Other physical details ill.
650 #0 - SUBJECT ADDED ENTRY--TOPICAL TERM
Topical Term Catalysis.
Topical Term Electrocatalysis.
700 1# - ADDED ENTRY--PERSONAL NAME
Personal name Vayenas, C. G.
856 40 - ELECTRONIC LOCATION AND ACCESS
Uniform Resource Identifier http://site.ebrary.com/lib/rucke/Doc?id=10053301

No items available.

© 2026 Rongo University
Contact us: librarian | system librarian | Rongo university